| 000 | 00740nam a2200193 i 4500 | ||
|---|---|---|---|
| 001 | 189537 | ||
| 003 | SpMaBN | ||
| 005 | 20230906223509.0 | ||
| 008 | 190607s1977 sp d |||| | spa d | ||
| 080 | _a007:061.3(100)"1977" | ||
| 111 | 2 |
_aConvención Informática Latina ( _d1977. _cBarcelona) _9167314 |
|
| 245 | 1 | 0 |
_aCIL-77 _b: Convención Informática Latina : Barcelona, 8 junio 1977 / _corganizan, Asociación de Técnicos de Informática ... [et al.]. |
| 260 |
_a[Barcelona : _bs.n., _c1977] |
||
| 300 |
_a113 p. : _bgráf. ; _c30 cm. |
||
| 500 | _aÍndice. | ||
| 504 | _aReferencias bibliográficas. | ||
| 650 | 0 | 7 |
_aInformática- _xCongresos y asambleas. _913761 |
| 852 |
_aES-MaACL _jL-32434 _z. - Donat. Ernesto García Camarero |
||
| 999 |
_c189537 _d189537 |
||